000 00567nam a2200205Ia 4500
005 20250508152133.0
008 008 250505s9999 xx 000 0 eng d
037 _aTextual
040 _aFEDL
_beng
_cFEDL
041 _aeng
_2eng
084 _a150, MCK
_qFEDL
100 _aMcKellar Peter
_986112
245 0 _aImagination and thinking: A psychological analysis
260 _aLondon, UK
_bCohen and West Limited
_c1957
300 _axi,219p
365 _aINR
_b14
650 _aPsychology
942 _cTEXL
_h150, MCK
999 _c1334500
_d1334500